Stochastic processes in queueing theory /

Guardado en:
Autor Principal: Borovkov, Aleksandr Alekseevich.
Formato: Libro
Idioma:English
Russian
Publicado: New York : Springer-Verlag, 1976.
Series:Applications of mathematics ; 4
Materias:
Etiquetas: Agregar Etiqueta
Sin Etiquetas, Sea el primero en etiquetar este registro!
LEADER 01012cam a2200265 a 4500
001 MAT.inmabb003091
008 751204s1976####nyu######b####001#0#eng##
005 20130312094807.0
245 1 0 |a Stochastic processes in queueing theory /  |c A. A. Borovkov ; translated by Kenneth Wickwire. 
260 |a New York :  |b Springer-Verlag,  |c 1976. 
300 |a xi, 280 p. ;  |c 24 cm. 
440 0 |a Applications of mathematics ;  |v 4 
500 |a Traducción, aumentada por el autor, de: Veroiatnostnye protsessy v teorii massovogo obsluzhivaniia. 1972. 
504 |a Incluye referencias bibliográficas (p. [273]-275) e índices. 
510 4 |a MR,  |c 52 #12118 
020 |a 0387901612 
100 1 |a Borovkov, Aleksandr Alekseevich. 
240 1 0 |a Veroiatnostnye protsessy v teorii massovogo obsluzhivaniia.  |l Inglés 
650 0 |a Queuing theory. 
650 0 |a Stochastic processes. 
084 |a 60K25  |2 msc2000 
010 |a  75043542  
040 |a DLC  |c DLC  |d DLC 
041 1 |a eng  |h rus 
859 |h 60  |i B736  |p A-4551  |b BIB. MATEMATICA